<?xml version="1.0" encoding="UTF-8"?><?xml-stylesheet type="text/xsl" href="static/style.xsl"?><OAI-PMH xmlns="http://www.openarchives.org/OAI/2.0/" xmlns:xsi="http://www.w3.org/2001/XMLSchema-instance" xsi:schemaLocation="http://www.openarchives.org/OAI/2.0/ http://www.openarchives.org/OAI/2.0/OAI-PMH.xsd"><responseDate>2026-04-13T02:51:23Z</responseDate><request verb="GetRecord" identifier="oai:www.recercat.cat:2445/220003" metadataPrefix="marc">https://recercat.cat/oai/request</request><GetRecord><record><header><identifier>oai:recercat.cat:2445/220003</identifier><datestamp>2025-12-05T12:55:11Z</datestamp><setSpec>com_2072_1057</setSpec><setSpec>col_2072_478817</setSpec><setSpec>col_2072_478917</setSpec></header><metadata><record xmlns="http://www.loc.gov/MARC21/slim" xmlns:dcterms="http://purl.org/dc/terms/" xmlns:xsi="http://www.w3.org/2001/XMLSchema-instance" xmlns:doc="http://www.lyncode.com/xoai" xsi:schemaLocation="http://www.loc.gov/MARC21/slim http://www.loc.gov/standards/marcxml/schema/MARC21slim.xsd">
   <leader>00925njm 22002777a 4500</leader>
   <datafield ind2=" " ind1=" " tag="042">
      <subfield code="a">dc</subfield>
   </datafield>
   <datafield ind2=" " ind1=" " tag="720">
      <subfield code="a">Marrugat, Jordi, 1978-</subfield>
      <subfield code="e">author</subfield>
   </datafield>
   <datafield ind2=" " ind1=" " tag="260">
      <subfield code="c">2025-03-25T14:26:12Z</subfield>
   </datafield>
   <datafield ind2=" " ind1=" " tag="260">
      <subfield code="c">2025-03-25T14:26:12Z</subfield>
   </datafield>
   <datafield ind2=" " ind1=" " tag="260">
      <subfield code="c">2023-11-27</subfield>
   </datafield>
   <datafield ind2=" " ind1=" " tag="260">
      <subfield code="c">2025-03-25T14:26:12Z</subfield>
   </datafield>
   <datafield ind2=" " ind1=" " tag="520">
      <subfield code="a">El poemari Sol, i de dol es planteja estructuralment com un procés de coneixement de la realitat individual, històrica i metafísica. Per això, alhora que un&#xd;
examen dels mecanismes universalment comuns de relació entre la consciència humana i el món, du a terme una revisió de la constitució de la cultura i la&#xd;
societat catalanes modernes entre els anys 1913 –el de la publicació de les normes ortogràfiques de l’IEC– i 1923 –el de l’inici de la dictadura de Primo&#xd;
de Rivera– feta des dels anys trenta –quan s’ha arribat a una situació contrària a la d’aquells anys que desembocarà en una guerra civil. I, encara, el llibre&#xd;
també es presenta com el viatge iniciàtic mitjançant el qual J.V. Foix construeix la pròpia posició poètica dins del postsimbolisme –que es du a terme durant&#xd;
aquests mateixos anys i fins al 1927, el de la publicació del seu primer llibre. L’establiment d’aquesta estructura és indestriable de l’ús simbòlic dels números&#xd;
i les dates que fa Sol, i de dol, així com els seus principals intertextos –els diàlegs de Plató, Confessions de Sant Agustí, Divina comèdia de Dante, Canzoniere de&#xd;
Petrarca, La paraula en el vent i altres poemaris de Carner i Primer llibre d’estances de Riba.</subfield>
   </datafield>
   <datafield tag="653" ind2=" " ind1=" ">
      <subfield code="a">Societats</subfield>
   </datafield>
   <datafield tag="653" ind2=" " ind1=" ">
      <subfield code="a">Simbolisme en la literatura</subfield>
   </datafield>
   <datafield tag="653" ind2=" " ind1=" ">
      <subfield code="a">Poesia catalana</subfield>
   </datafield>
   <datafield tag="653" ind2=" " ind1=" ">
      <subfield code="a">Corporations</subfield>
   </datafield>
   <datafield tag="653" ind2=" " ind1=" ">
      <subfield code="a">Symbolism in literature</subfield>
   </datafield>
   <datafield tag="653" ind2=" " ind1=" ">
      <subfield code="a">Catalan poetry</subfield>
   </datafield>
   <datafield ind2="0" ind1="0" tag="245">
      <subfield code="a">Sol, i de dol com a procés de coneixement postsimbolista</subfield>
   </datafield>
</record></metadata></record></GetRecord></OAI-PMH>